Classifiche Serie A dal 1980/81 al 1989/90 - Statistics

Statistiche generali
  • Questo quiz è stato fatto 21 volte
  • Il punteggio medio è 50 su 164
Statistiche sulle risposte
Hint
Risposta % Corretto
1 Juventus
100%
2 Roma
75%
4 Inter
50%
1 Inter
50%
1 Juventus
50%
1 Juventus
50%
1 Juventus
50%
1 Milan
50%
3 Napoli
50%
1 Roma
50%
5 Fiorentina
44%
1 Hellas Verona
44%
2 Juventus
44%
1 Napoli
44%
2 Napoli
44%
2 Napoli
44%
2 Roma
44%
2 Roma
44%
6 Atalanta
38%
7 (-5) Bologna
38%
2 Fiorentina
38%
8 Fiorentina
38%
7 Fiorentina
38%
14 Genoa
38%
3 Inter
38%
5 Inter
38%
2 Juventus
38%
6 Juventus
38%
4 Juventus
38%
13 Lazio
38%
3 Milan
38%
2 Milan
38%
3 Napoli
38%
1 Napoli
38%
3 Roma
38%
8 Roma
38%
4 Sampdoria
38%
5 Sampdoria
38%
9 Torino
38%
2 Torino
38%
7 Torino
38%
10 Atalanta
31%
8 Atalanta
31%
15 Atalanta
31%
7 Atalanta
31%
15 Avellino
31%
15 Bologna
31%
14 Bologna
31%
8 Bologna
31%
6 Cagliari
31%
12 Cagliari
31%
14 Cagliari
31%
9 Cesena
31%
3 Roma
31%
5 Fiorentina
31%
3 Fiorentina
31%
5 Fiorentina
31%
10 Fiorentina
31%
12 Fiorentina
31%
13 Genoa
31%
11 Genoa
31%
11 Genoa
31%
4 Hellas Verona
31%
6 Hellas Verona
31%
10 Hellas Verona
31%
4 Hellas Verona
31%
10 Hellas Verona
31%
5 Inter
31%
3 Inter
31%
4 Inter
31%
3 Inter
31%
6 Inter
31%
3 Inter
31%
6 Juventus
31%
4 Juventus
31%
15 Lazio
31%
10 Lazio
31%
9 Lazio
31%
14 Milan
31%
8 Milan
31%
5 Milan
31%
7 Milan
31%
5 Milan
31%
4 Napoli
31%
10 Napoli
31%
11 Napoli
31%
8 Napoli
31%
15 Pisa
31%
13 Pisa
31%
16 Pistoiese
31%
7 Roma
31%
7 Roma
31%
6 Roma
31%
7 Sampdoria
31%
7 Sampdoria
31%
4 Sampdoria
31%
12 Sampdoria
31%
6 Sampdoria
31%
5 Sampdoria
31%
9 Torino
31%
8 Torino
31%
5 Torino
31%
4 Torino
31%
11 Torino
31%
15 Torino
31%
11 Ascoli
25%
6 Ascoli
25%
13 Ascoli
25%
10 Ascoli
25%
14 Ascoli
25%
10 (-5) Avellino
25%
8 Avellino
25%
9 Avellino
25%
12 Avellino
25%
13 Avellino
25%
11 Avellino
25%
8 Avellino
25%
15 Bari
25%
10 Bari
25%
16 Catania
25%
16 Catanzaro
25%
15 Cesena
25%
13 Cesena
25%
13 Cesena
25%
13 Empoli
25%
16 (-5) Empoli
25%
9 Fiorentina
25%
11 Hellas Verona
25%
16 Hellas Verona
25%
14 Pescara
25%
12 Pisa
25%
14 Pisa
25%
17 Pisa
25%
12 Udinese
25%
11 Udinese
25%
6 Udinese
25%
9 Udinese
25%
12 Udinese
25%
13 Udinese
25%
16 (-9) Udinese
25%
15 Udinese
25%
12 Ascoli
19%
12 Ascoli
19%
14 Brescia
19%
14 Brescia
19%
8 Catanzaro
19%
7 Catanzaro
19%
10 Cesena
19%
16 Cremonese
19%
17 Cremonese
19%
16 Lecce
19%
15 (-5) Perugia
19%
12 Ascoli
13%
18 Ascoli
13%
13 Como
13%
16 Como
13%
11 Como
13%
9 Como
13%
11 Como
13%
18 Como
13%
9 Lecce
13%
9 Como
6%
14 Lecce
6%
16 Pescara
6%
Nessun quiz corrispondente trovato
Distribuzione punteggi
Percentuale di utenti per punteggio
Percentile per numero di risposta
I tuoi punteggi nel tempo
Non hai fatto questo quiz